000 00399nam a22001457a 4500
005 20200617153232.0
008 200617b xxu||||| |||| 00| 0 eng d
082 _a345.4 AIR
110 _aALL INDIA RRPORTER
_96154
245 _aALL INDIA RRPORTER [1990] [VOL-77] SUPREME COURT SECTION
260 _aMUMBAI
_bALL INDIA RRPORTER, PVT. LTD.
300 _a2304;p
650 _aLAW
_95701
942 _cJRL
999 _c7207
_d7205